<?xml version="1.0" encoding="UTF-8"?><?xml-stylesheet type="text/xsl" href="static/style.xsl"?><OAI-PMH xmlns="http://www.openarchives.org/OAI/2.0/" xmlns:xsi="http://www.w3.org/2001/XMLSchema-instance" xsi:schemaLocation="http://www.openarchives.org/OAI/2.0/ http://www.openarchives.org/OAI/2.0/OAI-PMH.xsd"><responseDate>2026-04-13T05:55:11Z</responseDate><request verb="GetRecord" identifier="oai:www.recercat.cat:2072/430367" metadataPrefix="marc">https://recercat.cat/oai/request</request><GetRecord><record><header><identifier>oai:recercat.cat:2072/430367</identifier><datestamp>2025-04-27T03:22:51Z</datestamp><setSpec>com_2072_98</setSpec><setSpec>col_2072_378192</setSpec></header><metadata><record xmlns="http://www.loc.gov/MARC21/slim" xmlns:dcterms="http://purl.org/dc/terms/" xmlns:xsi="http://www.w3.org/2001/XMLSchema-instance" xmlns:doc="http://www.lyncode.com/xoai" xsi:schemaLocation="http://www.loc.gov/MARC21/slim http://www.loc.gov/standards/marcxml/schema/MARC21slim.xsd">
   <leader>00925njm 22002777a 4500</leader>
   <datafield ind2=" " ind1=" " tag="042">
      <subfield code="a">dc</subfield>
   </datafield>
   <datafield ind2=" " ind1=" " tag="720">
      <subfield code="a">Gavris, Mariana-Ioana</subfield>
      <subfield code="e">author</subfield>
   </datafield>
   <datafield ind2=" " ind1=" " tag="720">
      <subfield code="a">Tirado Serrano, Francisco Javier</subfield>
      <subfield code="e">author</subfield>
   </datafield>
   <datafield ind2=" " ind1=" " tag="260">
      <subfield code="c">2017</subfield>
   </datafield>
   <datafield ind2=" " ind1=" " tag="520">
      <subfield code="a">El artículo analiza cómo la aparición del ejercicio de scenario-planning y su generalización en el mundo de la salud transforma los espacios biomédicos. En ese cambio aparecen nuevos actores, otras maneras de producir conocimiento y una definición de "lo vivo" centrada en el futuro y en una escala global. Partiendo de un bagaje centrado en los estudios de ciencia y tecnología (STS), y más concretamente en la teoría del actor-red, se presenta un análisis de caso que estudia la transformación de los modelos de salud pública (y sus respectivas escalas a nivel global) después del periodo post-"pandémico" de 2009 de gripe porcina. Examinando los múltiples escenarios que se crearon en ese momento, se analiza el despliegue de múltiples sistemas de vigilancia, que forzaron movimientos para la articulación de nuevos actores; la conformación de posibles futuros, el establecimiento de escalas globales y, en última instancia, una nueva conceptualización de lo vivo como valor para asegurar y proteger.</subfield>
   </datafield>
   <datafield ind2=" " ind1=" " tag="520">
      <subfield code="a">The article analyzes how the emergence of scenario-planning and its generalization in the health management area, transforms the biomedical arena. In this shift are performing new actors, the knowledge is produced by other means and appears a definition of "life" focused on the future and on a global scale. Seen from Science and Technology Studies (STS) perspective, and more concretely on Actor-Network Theory (ANT), we presented a case study that examines the transformation of public health models (and their respective scales at the global level) after the 2009 post-"pandemic" period of swine flu. Examining the multiple scenarios that were created at that time, we analyze the deployment of multiple surveillance systems, which provoked movements towards the articulation of new actors; the conformation of possible futures, the establishment of global scales and, ultimately, a new conceptualization of "life" as a value to be ensured and protected.</subfield>
   </datafield>
   <datafield tag="653" ind2=" " ind1=" ">
      <subfield code="a">Scenario-planning</subfield>
   </datafield>
   <datafield tag="653" ind2=" " ind1=" ">
      <subfield code="a">Biopolítica</subfield>
   </datafield>
   <datafield tag="653" ind2=" " ind1=" ">
      <subfield code="a">Actores</subfield>
   </datafield>
   <datafield tag="653" ind2=" " ind1=" ">
      <subfield code="a">Salud global</subfield>
   </datafield>
   <datafield tag="653" ind2=" " ind1=" ">
      <subfield code="a">STS</subfield>
   </datafield>
   <datafield tag="653" ind2=" " ind1=" ">
      <subfield code="a">Biopolitics</subfield>
   </datafield>
   <datafield tag="653" ind2=" " ind1=" ">
      <subfield code="a">Actors</subfield>
   </datafield>
   <datafield tag="653" ind2=" " ind1=" ">
      <subfield code="a">Global health</subfield>
   </datafield>
   <datafield ind2="0" ind1="0" tag="245">
      <subfield code="a">Escenarios y nuevas formas de vida en los espacios biomédicos</subfield>
   </datafield>
</record></metadata></record></GetRecord></OAI-PMH>